Seguridad de la información de costos soportada en plataformas de TI (Registro nro. 12556)

Detalles MARC
000 -LEADER
fixed length control field 00450 a2200145 4500
001 - CONTROL NUMBER
control field ART_51850
005 - DATE AND TIME OF LATEST TRANSACTION
control field 20260410161632.0
008 - FIXED-LENGTH DATA ELEMENTS--GENERAL INFORMATION
fixed length control field 260409a
100 1# - MAIN ENTRY--PERSONAL NAME
Personal name Sardi, Jorge Carlos
245 10 - TITLE STATEMENT
Title Seguridad de la información de costos soportada en plataformas de TI
700 1# - ADDED ENTRY--PERSONAL NAME
Personal name Caravallo, Nicolás Andrés
700 1# - ADDED ENTRY--PERSONAL NAME
Personal name Castelnuovo, Nicolás
700 1# - ADDED ENTRY--PERSONAL NAME
Personal name Drezek, Xoana I.
773 0# - HOST ITEM ENTRY
Title Enfoques
Related parts - N°12 (dic. 2020)
Record control number REV416

No hay ítems disponibles.